000 00536nam a2200217 a 4500
999 _c7095
_d7095
001 7095
003 BD-JhCC
005 20180205092835.0
008 180205s1967 e a|||| || | 000 0 eng d
035 _a(BD-JhCC)7095
040 _aBD-JhCC
_dBD-JhCC
041 _aeng
082 _a823.91
_bRID 1967
100 _aRidout, Ronald
245 _aLook Alive! /
_cRonald Ridout,
260 _aLondon :
_bHeinemann Educational Books Ltd,
_c1967
300 _a113 p. :
_c20 cm.
650 _aFictions
942 _2ddc
_cBK